ARRUPE JESUIT UNIVERSITY

CORONAVIRUS -STOP THE SPREAD - CLEAN,DISINFECT,COVER

Personality / (Record no. 123787)

MARC details
000 -LEADER
fixed length control field 00835cam a22003014a 4500
001 - CONTROL NUMBER
control field 5420050
003 - CONTROL NUMBER IDENTIFIER
control field ARRUPE
005 - DATE AND TIME OF LATEST TRANSACTION
control field 20151112120717.0
008 - FIXED-LENGTH DATA ELEMENTS--GENERAL INFORMATION
fixed length control field 021113s2004 at a b 001 0 eng
010 ## - LIBRARY OF CONGRESS CONTROL NUMBER
LC control number 2002116012
020 ## - INTERNATIONAL STANDARD BOOK NUMBER
International Standard Book Number 0534527965
035 ## - SYSTEM CONTROL NUMBER
System control number (OCoLC)ocm52921723
035 ## - SYSTEM CONTROL NUMBER
System control number (NNC)5420050
040 ## - CATALOGING SOURCE
Original cataloging agency DLC
Transcribing agency DLC
042 ## - AUTHENTICATION CODE
Authentication code pcc
050 00 - LIBRARY OF CONGRESS CALL NUMBER
Classification number BF698
Item number .B84 2004
082 00 - DEWEY DECIMAL CLASSIFICATION NUMBER
Classification number 155.2
Edition number 22
300 ## - PHYSICAL DESCRIPTION
Other physical details ill. ;
Dimensions 24 cm.
100 1# - MAIN ENTRY--PERSONAL NAME
Personal name Burger, Jerry M.
9 (RLIN) 21090
245 10 - TITLE STATEMENT
Title Personality /
Statement of responsibility, etc Jerry M. Burger.
250 ## - EDITION STATEMENT
Edition statement 7th ed.
260 ## - PUBLICATION, DISTRIBUTION, ETC. (IMPRINT)
Place of publication, distribution, etc Australia ;
-- Belmont, CA :
Name of publisher, distributor, etc Thomson/Wadsworth,
Date of publication, distribution, etc c2008.
300 ## - PHYSICAL DESCRIPTION
Extent xvi, 588 p. :
504 ## - BIBLIOGRAPHY, ETC. NOTE
Bibliography, etc Includes bibliographical references (p. 515-568) and indexes.
650 #0 - SUBJECT ADDED ENTRY--TOPICAL TERM
Topical term or geographic name as entry element Personality
9 (RLIN) 11480
942 ## - ADDED ENTRY ELEMENTS (KOHA)
Source of classification or shelving scheme Library of Congress Classification
Koha item type Monograph ( Printed materials)
948 1# - LOCAL PROCESSING INFORMATION (OCLC); SERIES PART DESIGNATOR (RLIN)
Series part designator, SPT (RLIN) 20050923
b (OCLC) c
c (OCLC) rad1
d (OCLC) MPS
Holdings
Withdrawn status Lost status Source of classification or shelving scheme Damaged status Not for loan Collection code Home library Current library Shelving location Date acquired Total Checkouts Full call number Barcode Date last seen Date checked out Price effective from Koha item type
    Library of Congress Classification     Main Collection ARRUPE LIBRARY ARRUPE LIBRARY Main Collection 12/11/2015 8 BF698 .B84 2008 46500005565 07/05/2025 23/09/2021 12/11/2015 Monograph ( Printed materials)

 

Arrupe Library. PO Box MP320 Mt Pleasant, Harare, Zimbabwe
263 242 745411|librarian@aju.ac.zw